000
00309 a2200121 4500
000
nam a22 7a 4500
005
20260318121054.0
020
_a
9781041114420
100
_a
Bikram Keshari Pattanaik
_9
1132439
245
_a
Fundamentals of Rural Development
260
_b
Routledge
_c
2025
942
_c
TEXL
999
_c
1715681
_d
1715681